Music Quiz

Random Music or Clickable Quiz

Drummer/Band Match Up Quiz Stats

 Plays Quiz Updated Dec 27, 2014

Challenge
Share
Tweet
Embed
Score 0/28 Timer 06:00
4 Plays Today
% Correct
The Beatles
95.6%
Genesis
89.3%
Nirvana
87.4%
Metallica
81.9%
The Who
80.4%
Motley Crue
78.5%
Led Zeppelin
77.8%
Eagles
76.9%
Blink-182
70.4%
The Rolling Stones
67%
The Police
66.2%
Rush
65.1%
Red Hot Chili Peppers
60.9%
ZZ Top
60.1%
% Correct
Green Day
60.1%
Cream
59.3%
Queen
57.9%
The Band
45.6%
Def Leppard
43.7%
Guns N' Roses
43.2%
Aerosmith
41.9%
Black Sabbath
38.2%
Slipknot
33.5%
Dream Theater
33.3%
The Clash
30.9%
Iron Maiden
28%
Velvet Underground
27.2%
Slayer
25.9%

You're not logged in!

Compare scores with friends on all Sporcle quizzes.
OR
Log In

You Might Also Like...

Show Comments

Extras

Top Quizzes Today


Score Distribution

Your Account Isn't Verified!

In order to create a playlist on Sporcle, you need to verify the email address you used during registration. Go to your Sporcle Settings to finish the process.

Report this User

Report this user for behavior that violates our Community Guidelines.

Details: